000 00854cam a2200217 4500
001 WB3726-10
008 000000n2001 000 0 eng u
035 _a(Sirsi) u113489
245 _a£18m for AONBs
260 _c2001
490 _aCountryside Agency Press Release
_v2001/49 4 July 2001, (2)
520 _aCountryside Agency is pledging more funding for some of England's Areas of Outstanding Natural Beauty. £18m is due to be channelled into this area over the next 3 years to provide extra resources for effective land management.
590 _aWB
650 _aCOUNTRYSIDE AGENCY
650 _aAREAS OF OUTSTANDING NATURAL BEAUTY
650 _aCOUNTRYSIDE AND RIGHTS OF WAY ACT 2000
650 _aGRANT ALLOCATION
650 _aLAND MANAGEMENT
690 _aENVIRONMENTAL AND LAND CONSULTANCY-ENVIRONMENTAL MANAGEMENT
942 _n0
999 _c67609
_d67609